00637 2200241 4500001002100000005001700021008004100038035002400079090001500103100001900118245005500137250001100192260003100203300003000234500003100264500001100295650002300306850001500329980001500344985000600359999001500365999001500380YOGYA-0209000002576320090227023958.0 ind  0010-020900000025763 a306bKun B aKUNCORANINGRAT aBeberapa pokok antropologi sosialcKoencoraningrat aCet. 4 aJakartabDian Rakyatc1980 avii, 306 hlmbilusc22 cm aBibliografi : hlm. 287-289 aIndeks aAntropologi sosial aYOPDYOG(B) a12-12-2006 a2 a06A0018116 a06A0018117